000 00314nam a22001457a 4500
008 221118b ||||| |||| 00| 0 eng d
020 _a9780415905688
041 _aeng
080 _a159.9
082 _a159.9LAR
100 _a25
101 _aPSI
245 _aANETHIC OF CARE
_cLARRABEE J M
942 _2udc
_cBK
999 _c58957
_d58957